Dynasties of India and beyond: Pakistan Sri Lanka Bangadesh (Record no. 4064)

MARC details
000 -LEADER
fixed length control field 00569nam a2200181Ia 4500
020 ## - INTERNATIONAL STANDARD BOOK NUMBER
ISBN 81-7223-448-1
082 ## - DEWEY DECIMAL CLASSIFICATION NUMBER
Classification number 320.954 MAL-; SL1
100 ## - MAIN ENTRY--AUTHOR NAME
Personal name Malhotra, Inder
245 #0 - TITLE STATEMENT
Title Dynasties of India and beyond: Pakistan Sri Lanka Bangadesh
260 ## - PUBLICATION, DISTRIBUTION, ETC. (IMPRINT)
Place of publication New Delhi
Name of publisher HarperCollins Publishers India
Year of publication 2003
300 ## - PHYSICAL DESCRIPTION
Number of Pages 363
504 ## - BIBLIOGRAPHY, ETC. NOTE
Bibliography, etc includes index
650 ## - SUBJECT ADDED ENTRY--TOPICAL TERM
Topical Term India - Politics and government
650 ## - SUBJECT ADDED ENTRY--TOPICAL TERM
Topical Term Pakistan - Politics and government
650 ## - SUBJECT ADDED ENTRY--TOPICAL TERM
Topical Term Bangladesh - Politics and government
650 ## - SUBJECT ADDED ENTRY--TOPICAL TERM
Topical Term Sri Lanka - Politics and government
942 ## - ADDED ENTRY ELEMENTS (KOHA)
Koha item type Books
Holdings
Withdrawn status Lost status Damaged status Not for loan Home library Current library Date acquired Source of acquisition Bill Date Full call number Accession Number Price effective from Koha item type
        NASSDOC Library NASSDOC Library 04/03/2005 ICON 2005-02-11 320.954 MAL-; SL1 40478 18/04/2019 Books